Annual conference of the Property Litigation Association (Record no. 109734)

MARC details
000 -LEADER
fixed length control field 01339cad a22003015a 4500
001 - CONTROL NUMBER
control field L147809
008 - FIXED-LENGTH DATA ELEMENTS--GENERAL INFORMATION
fixed length control field 090619s2009 xxk f 100 0 eng d
035 ## - SYSTEM CONTROL NUMBER
System control number (Sirsi) u147809
041 0# - LANGUAGE CODE
Language code of text/sound track or separate title eng
050 04 - LIBRARY OF CONGRESS CALL NUMBER
Classification number 346.41043 $2 18
100 1# - MAIN ENTRY--PERSONAL NAME
Personal name Webber, Gary
111 2# - MAIN ENTRY--MEETING NAME
Meeting name or jurisdiction name as entry element Annual Conference of the Property Litigation Association
Location of meeting Keble College, Oxford
Date of meeting or treaty signing 27 March 2009
245 00 - TITLE STATEMENT
Title Annual conference of the Property Litigation Association
Medium [electronic resource]
260 ## - PUBLICATION, DISTRIBUTION, ETC.
Place of publication, distribution, etc. [S.l.]
Name of publisher, distributor, etc. PLA
Date of publication, distribution, etc. 2009
505 2# - FORMATTED CONTENTS NOTE
Formatted contents note Consents to assignment and subletting -- A thoroughly practical approach to the measure of damages in solicitors' negligence cases -- Enfranchisement -- L & T issues in the property downturn -- Rent review in the recession: yes we can! -- Case law kaleidoscope -- CPR update: what's new in the procedural world?
520 ## - SUMMARY, ETC.
Summary, etc. Collection of conference papers from the Property Litigation Association's 2009 annual conference.
521 2# - TARGET AUDIENCE NOTE
Target audience note Advanced
590 ## - LOCAL NOTE (RLIN)
Local note KA
651 #4 - SUBJECT ADDED ENTRY--GEOGRAPHIC NAME
Geographic name United Kingdom
Chronological subdivision
690 ## - LOCAL SUBJECT ADDED ENTRY--TOPICAL TERM (OCLC, RLIN)
Topical term or geographic name as entry element PROPERTY
700 1# - ADDED ENTRY--PERSONAL NAME
Personal name Seitler, Jonathan
700 1# - ADDED ENTRY--PERSONAL NAME
Personal name Radevsky, Anthony
700 1# - ADDED ENTRY--PERSONAL NAME
Personal name Small, Jonathan
700 1# - ADDED ENTRY--PERSONAL NAME
Personal name Taggart, Nic
700 1# - ADDED ENTRY--PERSONAL NAME
Personal name Dowding, Nicholas
856 40 - ELECTRONIC LOCATION AND ACCESS
Uniform Resource Identifier <a href="https://www.pla.org.uk/library/conference_papers">https://www.pla.org.uk/library/conference_papers</a>
Public note View the conference papers free of charge at www.pla.org.uk...
942 ## - ADDED ENTRY ELEMENTS (KOHA)
Suppress in OPAC 0
Holdings
Withdrawn status Lost status Source of classification or shelving scheme Damaged status Not for loan Home library Current library Shelving location Date acquired Total Checkouts Full call number Barcode Date last seen Copy number Price effective from Koha item type
    Dewey Decimal Classification     Virtual Virtual Online 19/06/2009   ONLINE PUBLICATION 147809-2001 06/08/2019 1 06/08/2019 Book